Tudor Rulers - Statistics

General Stats
  • This quiz has been taken 92 times
    82 since last reset
  • The average score is 6 of 6
Answer Stats
Reign Answer % Correct
1485-1509 Henry VII
100%
1509-1547 Henry VIII
100%
1558-1603 Elizabeth I
95%
1553-1558 Mary I
88%
1547-1553 Edward VI
86%
1553 Lady Jane Grey
83%
No matching quizzes found
Score Distribution
Percent of People with Each Score
Percentile by Number Answered
Your Score History
You have not taken this quiz since the last reset